[Event "WchT Blitz Pool A"]
[Site "London"]
[Date "2025.06.14"]
[Round "3.5"]
[White "Roebers, Eline"]
[Black "Badescu, Eliza Ioana"]
[Result "1-0"]
[WhiteElo "2356"]
[BlackElo "1832"]
[PlyCount "73"]
[EventDate "2025.06.14"]
[EventType "team-tourn"]
[EventRounds "13"]
[EventCountry "ENG"]
[SourceTitle "CB25_2025"]
[SourceDate "2025.06.18"]
[SourceVersion "1"]
[SourceVersionDate "2025.06.18"]
[SourceQuality "1"]
[WhiteTeam "Knight Dance"]
[BlackTeam "xChess.AI"]
[WhiteTeamCountry "FRA"]
[BlackTeamCountry "ROU"]

1. e4 c6 2. Nf3 d5 3. Nc3 Bg4 4. h3 Bxf3 5. Qxf3 e6 6. d4 Nd7 7. Bd3 dxe4 8. Nxe4 Ngf6 9. Bg5 Be7 10. 0-0-0 Nxe4 11. Bxe7 Qxe7 12. Bxe4 0-0-0 13. c3 Nb6 14. Rhe1 Qc7 15. Kb1 Nd5 16. Rd2 a5 17. Red1 Rhf8 18. c4 Nb6 19. Qc3 a4 20. g3 f5 21. Bc2 c5 22. d5 exd5 23. cxd5 f4 24. d6 Qc6 25. Qxg7 Nc4 26. d7+ Kb8 27. Rd5 Qb5 28. Bd3 Qb4 29. Bxc4 Qxc4 30. Qe5+ Ka8 31. Rxc5 Qb4 32. Ra5+ Qxa5 33. Qxa5+ Kb8 34. Qe5+ Ka8 35. Rd4 b5 36. Qxb5 Rb8 37. Rxa4# 1-0

[Event "WchT Blitz Pool A"]
[Site "London"]
[Date "2025.06.14"]
[Round "7.5"]
[White "Roebers, Eline"]
[Black "Volovich, Julia"]
[Result "1-0"]
[WhiteElo "2356"]
[BlackElo "1945"]
[PlyCount "65"]
[EventDate "2025.06.14"]
[EventType "team-tourn"]
[EventRounds "13"]
[EventCountry "ENG"]
[SourceTitle "CB25_2025"]
[SourceDate "2025.06.18"]
[SourceVersion "1"]
[SourceVersionDate "2025.06.18"]
[SourceQuality "1"]
[WhiteTeam "Knight Dance"]
[BlackTeam "Chess Trust Accelerators"]
[WhiteTeamCountry "FRA"]
[BlackTeamCountry "ENG"]

1. f4 Nf6 2. Nf3 g6 3. g3 Bg7 4. Bg2 0-0 5. 0-0 d5 6. d3 c5 7. Qe1 d4 8. Na3 a6 9. h3 Qc7 10. Bd2 Nc6 11. c3 Rd8 12. Rc1 Be6 13. cxd4 cxd4 14. Nc4 Nd5 15. Qf2 b5 16. Nce5 Bxe5 17. Nxe5 Rd6 18. Nxc6 Rxc6 19. Rxc6 Qxc6 20. Qxd4 Rd8 21. Rc1 Qd6 22. Ba5 Nf6 23. Qxd6 Rxd6 24. Rc7 Bxa2 25. Rxe7 Nd5 26. Re8+ Kg7 27. Kf2 f6 28. e4 Nb6 29. Ke3 Bf7 30. Rb8 Na4 31. Bb4 Rc6 32. Bf8+ Kg8 33. Bh6+ 1-0

[Event "WchT Rapid"]
[Site "London"]
[Date "2025.06.13"]
[Round "12.5"]
[White "Roebers, Eline"]
[Black "Muzychuk, Anna"]
[Result "1-0"]
[WhiteElo "2404"]
[BlackElo "2409"]
[PlyCount "99"]
[EventDate "2025.06.11"]
[EventType "team-swiss"]
[EventRounds "12"]
[EventCountry "ENG"]
[SourceTitle "CB25_2025"]
[SourceDate "2025.06.18"]
[SourceVersion "1"]
[SourceVersionDate "2025.06.18"]
[SourceQuality "1"]
[WhiteTeam "Knight Dance"]
[BlackTeam "Freedom"]
[WhiteTeamCountry "FRA"]
[BlackTeamCountry "IND"]

1. e4 e5 2. Nc3 Nc6 3. g3 Bc5 4. Bg2 a5 5. Nge2 d6 6. d3 Nge7 7. 0-0 0-0 8. h3 Be6 9. Kh2 d5 10. f4 dxe4 11. Nxe4 Bb6 12. fxe5 Nxe5 13. d4 N5g6 14. c3 Bd5 15. Qd3 f5 16. Ng5 Bxg2 17. Kxg2 h6 18. Nf3 c6 19. h4 Nd5 20. c4 Nb4 21. Qb3 Bc7 22. a3 Na6 23. c5+ Qd5 24. Qxd5+ cxd5 25. Nc3 Rad8 26. b4 axb4 27. axb4 Nxb4 28. Ra7 Nc6 29. Rxb7 Bb8 30. Re1 Rf7 31. Rb6 Nge7 32. Re6 Na5 33. Bf4 Bxf4 34. gxf4 Nc4 35. Ne5 Nxb6 36. cxb6 Rb8 37. Na4 g5 38. Nxf7 Kxf7 39. Rxh6 gxh4 40. Rh7+ Kf6 41. Nc5 Rg8+ 42. Kh2 Nc6 43. Rh6+ Rg6 44. Rxg6+ Kxg6 45. b7 Nb8 46. Kh3 Kh5 47. Nd3 Nd7 48. Nb4 Nb8 49. Nxd5 Kg6 50. Nb4 1-0

[Event "WchT Rapid"]
[Site "London"]
[Date "2025.06.13"]
[Round "10.5"]
[White "Tsatsalashvili, Ketevan"]
[Black "Roebers, Eline"]
[Result "0-1"]
[WhiteElo "2254"]
[BlackElo "2404"]
[PlyCount "82"]
[EventDate "2025.06.11"]
[EventType "team-swiss"]
[EventRounds "12"]
[EventCountry "ENG"]
[SourceTitle "CB25_2025"]
[SourceDate "2025.06.18"]
[SourceVersion "1"]
[SourceVersionDate "2025.06.18"]
[SourceQuality "1"]
[WhiteTeam "Katowice Hetman"]
[BlackTeam "Knight Dance"]
[WhiteTeamCountry "POL"]
[BlackTeamCountry "FRA"]

1. d4 f5 2. Nf3 Nf6 3. Bg5 e6 4. Bxf6 Qxf6 5. e3 d5 6. c4 c6 7. Bd3 Bd6 8. 0-0 0-0 9. Nc3 Bd7 10. cxd5 exd5 11. Ne2 Be8 12. Qb3 Rf7 13. Rac1 a5 14. Bb1 a4 15. Qd3 Nd7 16. Nd2 Qh6 17. f4 Re7 18. Nf3 Nf6 19. Ne5 Ne4 20. Nc3 Qe6 21. Nxe4 dxe4 22. Qc4 Qxc4 23. Nxc4 Bc7 24. Ne5 Ra5 25. Nc4 Rb5 26. Rf2 Bf7 27. Ne5 Bd5 28. Bc2 g5 29. fxg5 Bxe5 30. dxe5 Rxe5 31. Bxa4 Rb4 32. Bd1 Bxa2 33. Ra1 Bf7 34. h4 Reb5 35. Be2 Rd5 36. Bd1 Be6 37. h5 Rd3 38. Re2 Kg7 39. Kh2 Bf7 40. Rf2 Rb5 41. Ra3 Rxd1 0-1

[Event "WchT Rapid"]
[Site "London"]
[Date "2025.06.11"]
[Round "1.5"]
[White "Jalving, August"]
[Black "Roebers, Eline"]
[Result "0-1"]
[WhiteElo "1893"]
[BlackElo "2404"]
[PlyCount "80"]
[EventDate "2025.06.11"]
[EventType "team-swiss"]
[EventRounds "12"]
[EventCountry "ENG"]
[SourceTitle "CB25_2025"]
[SourceDate "2025.06.18"]
[SourceVersion "1"]
[SourceVersionDate "2025.06.18"]
[SourceQuality "1"]
[WhiteTeam "Allez-Y Initiative!"]
[BlackTeam "Knight Dance"]
[WhiteTeamCountry "DEN"]
[BlackTeamCountry "FRA"]

1. e4 c5 2. Nf3 e6 3. Qe2 Nc6 4. g3 Nf6 5. Bg2 Be7 6. 0-0 d5 7. d3 0-0 8. e5 Nd7 9. h4 b5 10. Bf4 b4 11. Nbd2 a5 12. h5 h6 13. Rfe1 Ba6 14. Nf1 a4 15. Qd2 Re8 16. N1h2 Nf8 17. Ng4 Nh7 18. Nfh2 Ng5 19. Bxg5 Bxg5 20. f4 Be7 21. Rf1 Nd4 22. Ne3 a3 23. b3 Rc8 24. Rad1 Nb5 25. Qf2 Nc3 26. Ra1 c4 27. dxc4 dxc4 28. bxc4 Bc5 29. Kh1 Bxc4 30. Rfe1 Bxa2 31. f5 exf5 32. Qxf5 Be6 33. Qf3 Qg5 34. Neg4 Rcd8 35. Qf4 Qxf4 36. gxf4 Rd2 37. Rf1 Ne2 38. Rf3 Bd5 39. Rd3 Bxg2+ 40. Kxg2 Nxf4+ 0-1

[Event "WchT Rapid"]
[Site "London"]
[Date "2025.06.11"]
[Round "2.5"]
[White "Roebers, Eline"]
[Black "Hryshchenko, Kamila"]
[Result "1-0"]
[WhiteElo "2404"]
[BlackElo "2054"]
[PlyCount "71"]
[EventDate "2025.06.11"]
[EventType "team-swiss"]
[EventRounds "12"]
[EventCountry "ENG"]
[SourceTitle "CB25_2025"]
[SourceDate "2025.06.18"]
[SourceVersion "1"]
[SourceVersionDate "2025.06.18"]
[SourceQuality "1"]
[WhiteTeam "Knight Dance"]
[BlackTeam "Sharks 4NCL"]
[WhiteTeamCountry "FRA"]
[BlackTeamCountry "ENG"]

1. e4 b6 2. d4 Bb7 3. Nc3 e6 4. Bd3 d5 5. e5 c5 6. f4 Ba6 7. Nf3 Nh6 8. Be3 Bxd3 9. cxd3 Nf5 10. Bf2 Be7 11. 0-0 0-0 12. dxc5 bxc5 13. Rc1 Nd7 14. Na4 Qa5 15. b3 Rab8 16. Rc2 Rfc8 17. Qc1 h5 18. g3 g6 19. Kg2 Kg7 20. h3 Rh8 21. Qd2 Qxd2 22. Rxd2 g5 23. fxg5 Nxe5 24. Nxe5 Bxg5 25. Re2 c4 26. dxc4 dxc4 27. Nxc4 Rb7 28. Nc5 Rc7 29. Ne4 Be7 30. Rd1 Rg8 31. Ned6 Nxd6 32. Nxd6 Kf8 33. Nb5 Rb7 34. Nxa7 Bh4 35. Re4 Be7 36. Nc6 1-0

[Event "Dubai op-A 25th"]
[Site "Dubai"]
[Date "2025.05.29"]
[Round "3"]
[White "Roebers, Eline"]
[Black "Bronstein, Or"]
[Result "0-1"]
[WhiteElo "2361"]
[BlackElo "2443"]
[PlyCount "128"]
[EventDate "2025.05.27"]
[EventType "swiss"]
[EventRounds "9"]
[EventCountry "UAE"]
[SourceTitle "CB23_2025"]
[SourceDate "2025.06.04"]
[SourceVersion "1"]
[SourceVersionDate "2025.06.04"]
[SourceQuality "1"]

1. e4 c5 2. Nf3 d6 3. d4 cxd4 4. Nxd4 Nf6 5. Nc3 a6 6. Qd3 e6 7. g4 Nxg4 8. Rg1 Nf6 9. Bg5 h6 10. Bd2 b5 11. a3 Nbd7 12. Qg3 e5 13. Nf5 g6 14. Ne3 Nc5 15. f3 Be7 16. Qf2 Ne6 17. Ned5 Nxd5 18. Nxd5 Bh4 19. Rg3 Bb7 20. 0-0-0 Bxd5 21. exd5 Nf4 22. Bxf4 exf4 23. Qe2+ Kf8 24. Rg2 Qb6 25. Qd2 Re8 26. Bd3 Qe3 27. Re2 Qxd2+ 28. Kxd2 Kg7 29. a4 Bf6 30. c3 Rxe2+ 31. Bxe2 Re8 32. h3 Rc8 33. Kc2 Re8 34. Kd2 Re7 35. Ra1 Rb7 36. Kc2 h5 37. axb5 axb5 38. Kb3 b4 39. Ba6 Rb8 40. cxb4 Re8 41. Rf1 Re3+ 42. Kc2 Bd4 43. Rd1 Bb6 44. Rd3 Kf6 45. Rxe3 fxe3 46. Bb5 Kg5 47. Kd3 Kh4 48. Be8 Kxh3 49. Bxf7 Kg3 50. Ke2 h4 51. f4 Kxf4 52. Bxg6 Ke5 53. Bf7 h3 54. Bh5 Kxd5 55. Bg4 h2 56. Bf3+ Kc4 57. b3+ Kxb4 58. Kd3 Kxb3 59. Bh1 Kb2 60. Bd5 Kc1 61. Bf3 Bc5 62. Ke2 Kc2 63. Bd5 Kc3 64. Bh1 Kc4 0-1

[Event "Titled Tuesday intern op 20th May Late"]
[Site "Chess.com INT"]
[Date "2025.05.20"]
[Round "4"]
[White "Roebers, Eline"]
[Black "Mammadov, Sadig Teymur"]
[Result "1-0"]
[WhiteElo "2361"]
[BlackElo "2395"]
[PlyCount "59"]
[EventDate "2025.05.20"]
[EventType "swiss (blitz)"]
[EventRounds "11"]
[EventCountry "USA"]
[SourceTitle "CB22_2025"]
[SourceDate "2025.05.28"]
[SourceVersion "1"]
[SourceVersionDate "2025.05.28"]
[SourceQuality "1"]

1. e4 e6 2. d4 d5 3. Bd3 c5 4. exd5 exd5 5. Nf3 Nc6 6. 0-0 Nf6 7. Re1+ Be7 8. dxc5 0-0 9. Nbd2 Bxc5 10. Nb3 Bb6 11. h3 Qd6 12. Bg5 Bxh3 13. Bxf6 Qg3 14. Bf1 Bxf2+ 15. Kh1 gxf6 16. gxh3 Ne5 17. Rxe5 fxe5 18. Bg2 e4 19. Nfd4 Kh8 20. Nf5 Qe5 21. Nbd4 Rg8 22. c3 Rg6 23. Qf1 e3 24. Bf3 Rag8 25. a4 Qf4 26. Bg4 Rxg4 27. hxg4 Rxg4 28. Qh3 Qe4+ 29. Qf3 Rh4+ 30. Kg2 1-0

[Event "Helmond Rapid op"]
[Site "Helmond"]
[Date "2025.05.03"]
[Round "1"]
[White "Roebers, Eline"]
[Black "Rohatgi, Kushagra"]
[Result "1-0"]
[WhiteElo "2361"]
[BlackElo "1771"]
[PlyCount "57"]
[EventDate "2025.05.03"]
[EventType "swiss (rapid)"]
[EventRounds "9"]
[EventCountry "NED"]
[SourceTitle "CB19_2025"]
[SourceDate "2025.05.07"]
[SourceVersion "1"]
[SourceVersionDate "2025.05.07"]
[SourceQuality "1"]

1. e4 c6 2. Nf3 d5 3. Nc3 dxe4 4. Nxe4 Nf6 5. Qe2 Nxe4 6. Qxe4 Qd5 7. Qf4 e6 8. Bc4 Qd7 9. d4 b5 10. Bd3 Ba6 11. 0-0 b4 12. Rd1 Bxd3 13. Rxd3 Na6 14. Qg3 h6 15. Bf4 Rc8 16. Ne5 Qb7 17. Nc4 Nc7 18. Bd6 Nb5 19. Be5 Qd7 20. Re1 Qd5 21. Ne3 Qd7 22. d5 c5 23. Nc4 Qe7 24. dxe6 fxe6 25. Bd6 Qg5 26. Qh3 Nd4 27. Rxd4 cxd4 28. Qxe6+ Kd8 29. Qe8# 1-0

[Event "EU-ch (Women) 25th"]
[Site "Rhodes"]
[Date "2025.04.10"]
[Round "10"]
[White "Wikar, Martyna"]
[Black "Roebers, Eline"]
[Result "0-1"]
[WhiteElo "2239"]
[BlackElo "2383"]
[PlyCount "80"]
[EventDate "2025.03.31"]
[EventType "swiss"]
[EventRounds "11"]
[EventCountry "GRE"]
[SourceTitle "CB16_2025"]
[SourceDate "2025.04.16"]
[SourceVersion "1"]
[SourceVersionDate "2025.04.16"]
[SourceQuality "1"]

1. e4 c5 2. c3 Qa5 3. Nf3 g6 4. Bc4 Bg7 5. 0-0 Nc6 6. d3 d6 7. a4 e6 8. Na3 Nge7 9. Bf4 Qd8 10. Qc1 h6 11. h4 e5 12. Bd2 f5 13. b4 f4 14. d4 cxb4 15. cxb4 g5 16. dxe5 g4 17. exd6 Ng6 18. Bc3 gxf3 19. Bxg7 Qxh4 20. Qc3 fxg2 21. f3 gxf1Q+ 22. Kxf1 Bh3+ 23. Ke2 0-0-0 24. b5 Rhe8 25. bxc6 Rxd6 26. cxb7+ Kb8 27. Rg1 Qh5 28. Bd3 Nh4 29. Nb5 Qxf3+ 30. Kd2 Qf2+ 31. Kc1 Qxg1+ 32. Kb2 Qf2+ 33. Ka1 Rd7 34. Bd4 Qg3 35. Nxa7 Rc7 36. Qa5 Qxd3 37. Nc6+ Kxb7 38. Qb6+ Kc8 39. a5 Qxe4 40. Na7+ Kd7 0-1

[Event "EU-ch (Women) 25th"]
[Site "Rhodes"]
[Date "2025.04.09"]
[Round "9"]
[White "Urh, Zala"]
[Black "Roebers, Eline"]
[Result "1-0"]
[WhiteElo "2247"]
[BlackElo "2383"]
[PlyCount "79"]
[EventDate "2025.03.31"]
[EventType "swiss"]
[EventRounds "11"]
[EventCountry "GRE"]
[SourceTitle "CB16_2025"]
[SourceDate "2025.04.16"]
[SourceVersion "1"]
[SourceVersionDate "2025.04.16"]
[SourceQuality "1"]

1. d4 d5 2. c4 e6 3. Nf3 Nf6 4. g3 Bb4+ 5. Bd2 a5 6. Bg2 0-0 7. a3 Be7 8. Qc2 Nbd7 9. 0-0 c6 10. Bf4 h6 11. Rd1 Ne4 12. Nc3 g5 13. Bc1 f5 14. Ne1 Nd6 15. b3 Nf6 16. f3 dxc4 17. e4 cxb3 18. Qxb3 a4 19. Qa2 Nf7 20. Be3 fxe4 21. Nxe4 Nd5 22. Bf2 Nd6 23. Qc2 Kg7 24. Nd3 Nxe4 25. fxe4 Nc7 26. Nc5 Nb5 27. Bh3 Qd6 28. Qc4 Nc7 29. Rab1 b5 30. Qc2 Qd8 31. Bg4 Qe8 32. Qe2 Qf7 33. Bh5 Qxf2+ 34. Qxf2 Rxf2 35. Kxf2 e5 36. Ke3 exd4+ 37. Kxd4 Bh3 38. g4 Rf8 39. Nd7 Rf3 40. Rbc1 1-0

[Event "EU-ch (Women) 25th"]
[Site "Rhodes"]
[Date "2025.04.07"]
[Round "7"]
[White "Zherebtsova, Alexandra"]
[Black "Roebers, Eline"]
[Result "0-1"]
[WhiteElo "2234"]
[BlackElo "2383"]
[PlyCount "78"]
[EventDate "2025.03.31"]
[EventType "swiss"]
[EventRounds "11"]
[EventCountry "GRE"]
[SourceTitle "CB16_2025"]
[SourceDate "2025.04.16"]
[SourceVersion "1"]
[SourceVersionDate "2025.04.16"]
[SourceQuality "1"]

1. Nf3 d5 2. b3 Nf6 3. Bb2 e6 4. e3 Bd6 5. d4 0-0 6. Bd3 Ne4 7. 0-0 Nd7 8. c4 f5 9. c5 Be7 10. b4 g5 11. Nfd2 Ndf6 12. f3 Nxd2 13. Nxd2 Bd7 14. e4 Nh5 15. g3 Qe8 16. Qe2 a6 17. a4 Ng7 18. b5 axb5 19. axb5 Rxa1 20. Rxa1 g4 21. exd5 exd5 22. Re1 Be6 23. f4 Bf6 24. Nb3 h5 25. Na5 Qc8 26. Qc2 Kf7 27. Bf1 c6 28. Bc3 h4 29. Rb1 hxg3 30. hxg3 Bd7 31. bxc6 bxc6 32. Rb7 Kg6 33. Be2 Re8 34. Bxg4 Re3 35. Bh3 Qe8 36. Kf2 Bh4 37. gxh4 Rxh3 38. Kf1 Nh5 39. Be1 Rh1+ 0-1

[Event "EU-ch (Women) 25th"]
[Site "Rhodes"]
[Date "2025.03.31"]
[Round "1"]
[White "Zagorac, Lara"]
[Black "Roebers, Eline"]
[Result "0-1"]
[WhiteElo "2041"]
[BlackElo "2383"]
[PlyCount "66"]
[EventDate "2025.03.31"]
[EventType "swiss"]
[EventRounds "11"]
[EventCountry "GRE"]
[SourceTitle "CB16_2025"]
[SourceDate "2025.04.16"]
[SourceVersion "1"]
[SourceVersionDate "2025.04.16"]
[SourceQuality "1"]

1. Nf3 d5 2. d4 e6 3. c4 Nf6 4. g3 Bb4+ 5. Bd2 Be7 6. Bg2 0-0 7. 0-0 Nbd7 8. Qc2 a5 9. Ne5 c6 10. Rd1 Nxe5 11. dxe5 Ng4 12. Bc3 Qc7 13. Bd4 dxc4 14. Qe4 f5 15. exf6 Nxf6 16. Qc2 b5 17. h3 e5 18. Be3 Be6 19. a4 Nd5 20. Bd2 Qb6 21. e3 Nb4 22. Bxb4 axb4 23. a5 Qc5 24. Nd2 b3 25. Qe4 Ra6 26. Nf3 Bf6 27. g4 Bd5 28. Qb1 b4 29. g5 Be7 30. Nd2 Bxg5 31. Qc1 Bxe3 32. Nxb3 Bxf2+ 33. Kh2 Bg3+ 0-1

[Event "Wroclaw POL-ROW (Women) playoff"]
[Site "Wroclaw"]
[Date "2025.03.14"]
[Round "1.2"]
[White "Roebers, Eline"]
[Black "Kulon, Klaudia"]
[Result "0-1"]
[WhiteElo "2367"]
[BlackElo "2401"]
[PlyCount "74"]
[EventDate "2025.03.14"]
[EventType "team-match (blitz)"]
[EventRounds "2"]
[EventCountry "POL"]
[SourceTitle "CB12_2025"]
[SourceDate "2025.03.19"]
[SourceVersion "1"]
[SourceVersionDate "2025.03.19"]
[SourceQuality "1"]
[WhiteTeam "World"]
[BlackTeam "Poland"]
[BlackTeamCountry "POL"]

1. e4 d5 2. exd5 Qxd5 3. Nc3 Qd8 4. Nf3 Nf6 5. Bc4 g6 6. Ne5 e6 7. d4 Bg7 8. Be3 Nfd7 9. Nf3 0-0 10. h4 h5 11. Qd2 c5 12. d5 Nb6 13. Be2 Nxd5 14. Nxd5 Qxd5 15. Qxd5 exd5 16. Bxc5 Bxb2 17. Rd1 Bc3+ 18. Kf1 Re8 19. Rxd5 Be6 20. Rd3 Bg7 21. a4 Nc6 22. Ng5 Bf5 23. Re3 Rxe3 24. Bxe3 Bxc2 25. Bc4 Ne5 26. Ba2 Bxa4 27. f4 Bb5+ 28. Kf2 Ng4+ 29. Kf3 Bc6+ 30. Ke2 Nh6 31. Rd1 Bf6 32. Rd6 Kg7 33. Kd2 Nf5 34. Rd3 Bb5 35. Rb3 Rd8+ 36. Ke1 Bc4 37. Rb2 Bxb2 0-1